El control economico (Registro nro. 268130)

Detalles MARC
001 - NÚMERO DE CONTROL
campo de control 786832
005 - FECHA Y HORA DE LA ÚLTIMA TRANSACCIÓN
campo de control 20240528090013.0
008 - DATOS DE LONGITUD FIJA--INFORMACIÓN GENERAL
campo de control de longitud fija 021121e19421001 spa
035 ## - NÚMERO DE CONTROL DEL SISTEMA
Número de control de sistema 786832
035 ## - NÚMERO DE CONTROL DEL SISTEMA
Número de control de sistema (OCoLC)819999459
040 ## - FUENTE DE LA CATALOGACIÓN
Centro/agencia transcriptor comduadb
041 ## - CÓDIGO DE LENGUA
Código de lengua del texto/banda sonora o título independiente spa
100 10 - ENTRADA PRINCIPAL--NOMBRE DE PERSONA
Nombre de persona Galindo, Alberto
Código de función aut
Término indicativo de función/relación Autor/a
9 (RLIN) 320852
245 13 - MENCIÓN DE TÍTULO
Título El control economico
650 ## - PUNTO DE ACCESO ADICIONAL DE MATERIA--TÉRMINO DE MATERIA
Término de materia o nombre geográfico como elemento de entrada Medios de transporte
9 (RLIN) 13163
650 ## - PUNTO DE ACCESO ADICIONAL DE MATERIA--TÉRMINO DE MATERIA
Término de materia o nombre geográfico como elemento de entrada Organización industrial
9 (RLIN) 176081
650 ## - PUNTO DE ACCESO ADICIONAL DE MATERIA--TÉRMINO DE MATERIA
Término de materia o nombre geográfico como elemento de entrada Control economico
9 (RLIN) 106629
650 #7 - PUNTO DE ACCESO ADICIONAL DE MATERIA--TÉRMINO DE MATERIA
Término de materia o nombre geográfico como elemento de entrada Importaciones
Fuente del encabezamiento o término
9 (RLIN) 104
650 ## - PUNTO DE ACCESO ADICIONAL DE MATERIA--TÉRMINO DE MATERIA
Término de materia o nombre geográfico como elemento de entrada Debates
9 (RLIN) 5270
650 ## - PUNTO DE ACCESO ADICIONAL DE MATERIA--TÉRMINO DE MATERIA
Término de materia o nombre geográfico como elemento de entrada Intervención política
9 (RLIN) 106630
650 #7 - PUNTO DE ACCESO ADICIONAL DE MATERIA--TÉRMINO DE MATERIA
Término de materia o nombre geográfico como elemento de entrada Control de precios
Fuente del encabezamiento o término lemb
9 (RLIN) 16002
650 ## - PUNTO DE ACCESO ADICIONAL DE MATERIA--TÉRMINO DE MATERIA
Término de materia o nombre geográfico como elemento de entrada Especulación
9 (RLIN) 9971
773 0# - ENLACE AL DOCUMENTO FUENTE/ENTRADA DE REGISTRO ANFITRIÓN
Título Temas del Presente y Futuro Económicos (Medellín)
Parte(s) relacionada(s) Temas (Medellin) Vol. 03, Nos. 15-20, Jul.-Dic. 1942, No. 18, Oct. 1942, p. 753-755
Número de control del registro 665324
Número bibliográfico anfitrión 200998
942 ## - ELEMENTOS DE ENTRADA AGREGADA (KOHA)
Tipo de ítem Koha Artículo de Revista

No hay ítems disponibles.